Music Quiz

Random Music or Bands Quiz

Babelfish Bands Quiz Stats

Quiz Updated Mar 8, 2013

Also try: Babelfish Movies
Challenge
Share
Tweet
Embed
Score 0/20 Timer 06:00
2 Plays Today
Translation Band % Correct
To Calculate the CrowsCounting Crows
90.4%
The AssassinsThe Killers
88.1%
My Romanesque Chemical ProductMy Chemical Romance
86.6%
Rotary PebbleThe Rolling Stones
81.5%
Without a DoubtNo Doubt
79.3%
Drop Boy OutsideFall Out Boy
61.7%
Iron GirlIron Maiden
61.2%
The Deceased Which AppreciatesThe Grateful Dead
60.6%
The North Pole MonkeyArctic Monkeys
59.1%
CustardCream
40.7%
Translation Band % Correct
Sound Being YoungSonic Youth
24.4%
It Arranges of a LowSystem of a Down
23%
The OriginGenesis
19.8%
HastyRush
17.5%
ImpsPixies
16.8%
The TwistsThe Kinks
15%
Railroad of Magnificent FearGrand Funk Railroad
13.3%
The DescendantThe Offspring
12.4%
Fuzzy SpotBlur
11.4%
ContemplationMuse
3%

You're not logged in!

Compare scores with friends on all Sporcle quizzes.
Sign Up with Email
OR
Log In

You Might Also Like...

Show Comments

Extras

Top Quizzes Today


Score Distribution

Your Account Isn't Verified!

In order to create a playlist on Sporcle, you need to verify the email address you used during registration. Go to your Sporcle Settings to finish the process.